Stability of injection of a subnanosecond high-current electron beam and dynamic effects within its rise time; IEEE Transactions on Plasma Science; Vol. 38, № 10 pt. 1

Bibliographische Detailangaben
Parent link:IEEE Transactions on Plasma Science
Vol. 38, № 10 pt. 1.— 2010.— P. 2559-2564
Weitere Verfasser: Yalandin M. I., Reutova A. G., Sharypov K. A., Shpak V. G., Shunailov S. A., UImasculov M. R., Rostov V. V., Mesyats G. A. Gennady Andreyevich
Zusammenfassung:В фонде НТБ ТПУ отсутствует
Sprache:Englisch
Veröffentlicht: 2010
Schlagworte:
Format: MixedMaterials Buchkapitel
KOHA link:https://koha.lib.tpu.ru/cgi-bin/koha/opac-detail.pl?biblionumber=596888

MARC

LEADER 00000naa0a2200000 4500
001 596888
005 20250124161715.0
035 |a (RuTPU)RU\TPU\tpu\19944 
090 |a 596888 
100 |a 20110905d2010 k||y0rusy50 ba 
101 0 |a eng 
102 |a US 
200 1 |a Stability of injection of a subnanosecond high-current electron beam and dynamic effects within its rise time  |f M. I. Yalandin [et al.] 
333 |a В фонде НТБ ТПУ отсутствует 
461 |t IEEE Transactions on Plasma Science 
463 |t Vol. 38, № 10 pt. 1  |v P. 2559-2564  |d 2010 
610 1 |a труды учёных ТПУ 
701 1 |a Yalandin  |b M. I. 
701 1 |a Reutova  |b A. G. 
701 1 |a Sharypov  |b K. A. 
701 1 |a Shpak  |b V. G. 
701 1 |a Shunailov  |b S. A. 
701 1 |a UImasculov  |b M. R. 
701 1 |a Rostov  |b V. V. 
701 1 |a Mesyats  |b G. A.  |c russian physicist  |c academican, vice-president of RAS  |c graduate of Tomsk Polytechnic Institute  |f 1936-  |g Gennady Andreyevich  |3 (RuTPU)RU\TPU\pers\28088  |4 070 
801 1 |a RU  |b 63413507  |c 20110905 
801 2 |a RU  |b 63413507  |c 20110906  |g RCR 
942 |c CR